| 000 | 01584nam a2200421 c 4500 | ||
|---|---|---|---|
| 003 | BLK | ||
| 005 | 20180420230542.0 | ||
| 008 | 180409b bul|||||r ||||||| ||bul|| | ||
| 010 | _aKNG00113727000 | ||
| 020 |
_a978-92-79-17486-5 _bиздат.: Publ. Office of the Europ. Union |
||
| 040 | _aBLK | ||
| 041 |
_aENG _cENG |
||
| 072 | 7 |
_2bullib _aН32 _xПолитика Н |
|
| 080 |
_aЕвропейски съюз - политически аспекти _b327.7:061.1ЕС _x(035) _z327.7:061.1ЕС(035) |
||
| 080 |
_aЕвропейски съюз (икон. аспекти) _b339.923:061.1ЕС _x(035) _z339.923:061.1ЕС(035) |
||
| 100 | 1 |
_aFontaine, Pascal _eпърви автор _9311244 |
|
| 139 |
_aFontaine, Pascal _bF 73 |
||
| 245 | 1 | 0 |
_aEurope in 12 Lessons _cPascal Fontaine. |
| 257 | _aEUR | ||
| 260 |
_аLuxembourg _bPubl. Office of the Europ. Union _c2010 _fPrint. in Germany |
||
| 300 |
_a80 p. _c23 cm |
||
| 380 | _a3 | ||
| 500 | _aEd. by Europ. Commiss. Dir.-Gen. for Communication - Brussels. | ||
| 650 | 4 |
_aЕвропейски съюз - наръчници и ръководства _9277912 |
|
| 651 | 4 |
_aЕвропейски съюз _9258188 |
|
| 653 | _aЕвропейски съюз | ||
| 653 | _aистория | ||
| 653 | _aикономика | ||
| 653 | _aмеждународни отношения | ||
| 653 | _aинтеграция | ||
| 653 | _aнаръчници | ||
| 659 | _aН | ||
| 852 | _aЦб 255227 | ||
| 856 | 4 |
_qpdf _u |
|
| 856 | 4 |
_qpdf _u |
|
| 942 |
_cKNG _n0 |
||
| 944 |
_aCR _c04.06.2012 _lф / _kЛюдмила_Стоянова |
||
| 944 |
_aED _c26.02.2013 _lф / _k |
||
| 999 |
_c108423 _d108423 |
||